000 00480nam a2200157Ia 4500
999 _c19840
_d19840
003 OSt
005 20200609131107.0
008 190216s9999||||xx |||||||||||||| ||und||
040 _coclc
082 _a361.240922
_bPHA/S
100 _aPhadke, Y D
_92679
245 0 _aSocial Reformers Of Maharashtra /
_cY D Phadke
260 _bMaharashtra Information Centre,
_c1985.
_aNewdelhi:
300 _a84p
942 _cBK
_2ddc
_h361.240922
_iPHA/S
_k361.240922
_mPHA/S